Bazhenov Fm Classification Based on Wireline Logs; IOP Conference Series: Earth and Environmental Science; Vol. 33 : Contemporary Issues of Hydrogeology, Engineering Geology and Hydrogeoecology in Eurasia

Библиографические подробности
Источник:IOP Conference Series: Earth and Environmental Science
Vol. 33 : Contemporary Issues of Hydrogeology, Engineering Geology and Hydrogeoecology in Eurasia.— 2016.— [012034, 5 p.]
Главный автор: Simonov D. A. Dmitry Arturovich
Автор-организация: Национальный исследовательский Томский политехнический университет (ТПУ) Институт природных ресурсов (ИПР) Центр подготовки и переподготовки специалистов нефтегазового дела (ЦППС НД) Лаборатория геологии месторождений нефти и газа (ЛГМНГ)
Другие авторы: Baranov V. E. Vitaliy Evgenievich, Bukhanov N. V. Nikita Vladimirovich
Примечания:Title screen
This paper considers the main aspects of Bazhenov Formation interpretation and application of machine learning algorithms for the Kolpashev type section of the Bazhenov Formation, application of automatic classification algorithms that would change the scale of research from small to large. Machine learning algorithms help interpret the Bazhenov Formation in a reference well and in other wells. During this study, unsupervised and supervised machine learning algorithms were applied to interpret lithology and reservoir properties. This greatly simplifies the routine problem of manual interpretation and has an economic effect on the cost of laboratory analysis.
Язык:английский
Опубликовано: 2016
Серии:Well drilling
Предметы:
Online-ссылка:http://dx.doi.org/10.1088/1755-1315/33/1/012034
http://earchive.tpu.ru/handle/11683/33992
Формат: MixedMaterials Электронный ресурс Статья
Запись в KOHA:https://koha.lib.tpu.ru/cgi-bin/koha/opac-detail.pl?biblionumber=649495

MARC

LEADER 00000nla2a2200000 4500
001 649495
005 20231101134554.0
035 |a (RuTPU)RU\TPU\network\14657 
035 |a RU\TPU\network\14656 
090 |a 649495 
100 |a 20160726a2016 k y0engy50 ba 
101 0 |a eng 
102 |a GB 
105 |a y z 100zy 
135 |a drcn ---uucaa 
181 0 |a i  
182 0 |a b 
200 1 |a Bazhenov Fm Classification Based on Wireline Logs  |f D. A. Simonov, V. E. Baranov, N. V. Bukhanov 
203 |a Text  |c electronic 
225 1 |a Well drilling 
300 |a Title screen 
320 |a [References: 4 tit.] 
330 |a This paper considers the main aspects of Bazhenov Formation interpretation and application of machine learning algorithms for the Kolpashev type section of the Bazhenov Formation, application of automatic classification algorithms that would change the scale of research from small to large. Machine learning algorithms help interpret the Bazhenov Formation in a reference well and in other wells. During this study, unsupervised and supervised machine learning algorithms were applied to interpret lithology and reservoir properties. This greatly simplifies the routine problem of manual interpretation and has an economic effect on the cost of laboratory analysis. 
461 0 |0 (RuTPU)RU\TPU\network\2499  |t IOP Conference Series: Earth and Environmental Science 
463 0 |0 (RuTPU)RU\TPU\network\14178  |t Vol. 33 : Contemporary Issues of Hydrogeology, Engineering Geology and Hydrogeoecology in Eurasia  |o All-Russian Scientific Conference with International Participation on Contemporary Issues, 23–27 November 2015, Tomsk, Russia  |v [012034, 5 p.]  |d 2016 
610 1 |a электронный ресурс 
610 1 |a труды учёных ТПУ 
610 1 |a каротажные диаграммы 
610 1 |a баженовская свита 
610 1 |a машинное обучение 
610 1 |a скважины 
610 1 |a лабораторный анализ 
700 1 |a Simonov  |b D. A.  |g Dmitry Arturovich 
701 1 |a Baranov  |b V. E.  |c geologist  |c head of laboratory of Tomsk Polytechnic University  |f 1976-  |g Vitaliy Evgenievich  |2 stltpush  |3 (RuTPU)RU\TPU\pers\34015 
701 1 |a Bukhanov  |b N. V.  |c geologist  |c engineer of Tomsk Polytechnic University  |f 1986-  |g Nikita Vladimirovich  |2 stltpush  |3 (RuTPU)RU\TPU\pers\34016 
712 0 2 |a Национальный исследовательский Томский политехнический университет (ТПУ)  |b Институт природных ресурсов (ИПР)  |b Центр подготовки и переподготовки специалистов нефтегазового дела (ЦППС НД)  |b Лаборатория геологии месторождений нефти и газа (ЛГМНГ)  |h 5263  |2 stltpush  |3 (RuTPU)RU\TPU\col\19125 
801 2 |a RU  |b 63413507  |c 20161129  |g RCR 
856 4 |u http://dx.doi.org/10.1088/1755-1315/33/1/012034 
856 4 |u http://earchive.tpu.ru/handle/11683/33992 
942 |c CF